000 00786nas a22002531i#4500
001 1155
003 ES-MaACL
005 20250724062539.0
007 t|
008 950801d19211925sp m| | 1 ||pa d
022 _a9976-4539
080 _a460
245 0 0 _aHesperia
_b: revista teosófica y poligráfica /
_cdir. Mario Roso de Luna.
260 _aMadrid :
_bImprenta Helénica,
_c1921-1925.
300 _a1 v. :
_bil. ;
_c24 cm.
310 _aMensual
362 0 _aAño I, n. 1 (1 nov. 1921)- Año V, nº 40 (feb.-mar. 1925)
650 7 _aCultura
_2embne
_9170963
700 1 _aRoso de Luna, Mario,
_d1872-1931
_999794
852 _aES-MaACL
_91180
_jB-8583(1)
_cSPB
_zEncuadernado con otras obras
866 0 _o1921-1922.
942 _2udc
999 _c1155
_d1155